000
00274nam a2200121Ia 4500
008
190216s9999||||xx |||||||||||||| ||und||
100
_a
Parvathi Ammal
245
0
_a
Chilappathikaram
260
_b
D C Books Kerala
_c
1986
300
_a
478
650
_a
Kavitha
942
_c
BK
999
_c
26301
_d
26301